[Event "Chigorin Memorial 2018"]
[Site "St. Petersburg"]
[Date "2018.11.02"]
[Round "7.117"]
[White "Kirchei, Viktoriia"]
[Black "Loktionov, Kirill"]
[Result "1-0"]
[WhiteElo "2002"]
[BlackElo "1776"]
[PlyCount "85"]
[EventDate "2018.10.27"]
[EventType "swiss"]
[EventCountry "RUS"]
[WhiteTeam "Russland"]
[BlackTeam "Russland"]
[WhiteTeamCountry "RUS"]
[BlackTeamCountry "RUS"]

1. e4 c5 2. Nf3 Nc6 3. d4 cxd4 4. Nxd4 Nf6 5. Nc3 e5 6. Nxc6 bxc6 7. Bd3 Bb4 8. O-O O-O 9. Qe2 d5 10. Bg5 h6 11. Bxf6 Qxf6 12. exd5 Bxc3 13. Qe4 Qg6 14. Qxg6 fxg6 15. bxc3 cxd5 16. Bxg6 Rf6 17. Bd3 e4 18. Bb5 Rb8 19. Ba4 Ba6 20. Rfd1 Rbf8 21. Bb3 Bb7 22. Rd2 Kh8 23. Rad1 Kh7 24. Re1 Rc8 25. Re3 Rc5 26. Rd4 a5 27. Rg3 Rf8 28. c4 Rfc8 29. cxd5 a4 30. Rxa4 Bxd5 31. h3 Bxb3 32. cxb3 Rc1+ 33. Kh2 R8c2 34. Ra7 Rc7 35. Rxc7 Rxc7 36. Re3 Rc2 37. a4 Rxf2 38. Rxe4 Ra2 39. Re5 Ra3 40. Rb5 Ra2 41. a5 Ra3 42. b4 Ra4 43. Rb6 1-0

[Event "Chigorin Memorial 2018"]
[Site "St. Petersburg"]
[Date "2018.11.02"]
[Round "7.118"]
[White "Serov, Aleksandr"]
[Black "Wartiovaara, Oliver"]
[Result "1/2-1/2"]
[WhiteElo "1688"]
[BlackElo "1984"]
[PlyCount "88"]
[EventDate "2018.10.27"]
[EventType "swiss"]
[EventCountry "RUS"]
[WhiteTeam "Russland"]
[BlackTeam "Finnland"]
[WhiteTeamCountry "RUS"]
[BlackTeamCountry "FIN"]

1. Nf3 Nf6 2. g3 g6 3. Bg2 Bg7 4. O-O O-O 5. c4 d5 6. cxd5 Nxd5 7. d4 Nb6 8. e4 Bg4 9. e5 c5 10. dxc5 N6d7 11. Qa4 Bxf3 12. Bxf3 Nc6 13. Bxc6 bxc6 14. f4 Nxc5 15. Qxc6 Nd3 16. Nc3 Rb8 17. Qg2 Qb6+ 18. Kh1 Nxc1 19. Nd5 Qb7 20. Raxc1 e6 21. Ne3 Qxg2+ 22. Kxg2 Rxb2+ 23. Rf2 Rxf2+ 24. Kxf2 Rb8 25. Rc2 Bf8 26. Ng4 Kg7 27. Nf6 Be7 28. Ne4 h5 29. Kf3 Rb7 30. h3 a5 31. Nd6 Rd7 32. Rc6 Bd8 33. Ke4 Kf8 34. g4 hxg4 35. hxg4 Rc7 36. Ra6 Rc2 37. Ra8 Ke7 38. Ra7+ Bc7 39. Nb5 Kd7 40. Nxc7 Rxc7 41. Rxa5 Rc4+ 42. Kf3 Rc3+ 43. Kf2 Rc4 44. Kg3 g5 1/2-1/2

[Event "Chigorin Memorial 2018"]
[Site "St. Petersburg"]
[Date "2018.11.02"]
[Round "7.119"]
[White "Protasova, Anastasia"]
[Black "Cherneyko, Ivan"]
[Result "0-1"]
[WhiteElo "1974"]
[BlackElo "1628"]
[PlyCount "64"]
[EventDate "2018.10.27"]
[EventType "swiss"]
[EventCountry "RUS"]
[WhiteTeam "Russland"]
[BlackTeam "Russland"]
[WhiteTeamCountry "RUS"]
[BlackTeamCountry "RUS"]

1. d4 Nf6 2. c4 e6 3. Nf3 b6 4. g3 Ba6 5. b3 Bb4+ 6. Bd2 Be7 7. Bg2 d5 8. Ne5 Bb7 9. Bc3 O-O 10. O-O c5 11. Bb2 Nc6 12. Nxc6 Bxc6 13. dxc5 bxc5 14. Nc3 Rc8 15. cxd5 exd5 16. Bh3 d4 17. Nb1 Qd5 18. f3 Rcd8 19. Qd3 Qh5 20. Bg2 Nd5 21. Nd2 Ne3 22. Rfc1 Nxg2 23. Kxg2 Rd6 24. Ne4 Rh6 25. Rh1 Qh3+ 26. Kf2 Bxe4 27. Qxe4 Bg5 28. f4 Re6 29. Qd5 Rfe8 30. Rae1 Bxf4 31. gxf4 Qe3+ 32. Kg2 Rg6+ 0-1

[Event "Chigorin Memorial 2018"]
[Site "St. Petersburg"]
[Date "2018.11.02"]
[Round "7.120"]
[White "Patel, Palak"]
[Black "Tskhadadze, Anna"]
[Result "1-0"]
[WhiteElo "1672"]
[BlackElo "1952"]
[PlyCount "69"]
[EventDate "2018.10.27"]
[EventType "swiss"]
[EventCountry "RUS"]
[WhiteTeam "Indien"]
[BlackTeam "Russland"]
[WhiteTeamCountry "IND"]
[BlackTeamCountry "RUS"]

1. e4 e6 2. d4 d5 3. Nd2 dxe4 4. Nxe4 Bd7 5. Nf3 Bc6 6. Bd3 Nd7 7. O-O Ngf6 8. Ng3 Be7 9. a3 a5 10. b3 O-O 11. Bb2 Bxf3 12. Qxf3 c6 13. c4 Re8 14. Rfe1 Bf8 15. Rad1 g6 16. h4 h5 17. Bc2 Bg7 18. Bc1 Qc8 19. Bg5 b5 20. Ne4 Nxe4 21. Bxe4 Ra7 22. Bxc6 bxc4 23. bxc4 Rc7 24. Bb5 Rf8 25. a4 Nb6 26. d5 exd5 27. cxd5 Rc3 28. Qe4 f6 29. Qxg6 Qd8 30. Bh6 Rc7 31. d6 Rcf7 32. Bd3 f5 33. Bxf5 Re8 34. Bxg7 Rxe1+ 35. Rxe1 1-0

[Event "Chigorin Memorial 2018"]
[Site "St. Petersburg"]
[Date "2018.11.02"]
[Round "7.122"]
[White "Tsarkov, Mikhail"]
[Black "Zasukhin, Mikhail"]
[Result "1/2-1/2"]
[WhiteElo "1650"]
[BlackElo "1943"]
[PlyCount "120"]
[EventDate "2018.10.27"]
[EventType "swiss"]
[EventCountry "RUS"]
[WhiteTeam "Russland"]
[BlackTeam "Russland"]
[WhiteTeamCountry "RUS"]
[BlackTeamCountry "RUS"]

1. d4 c6 2. c4 g6 3. Nc3 Bg7 4. Bf4 d6 5. Nf3 Nf6 6. e3 Qb6 7. Qb3 Nbd7 8. h3 O-O 9. Be2 Re8 10. O-O e5 11. Bh2 Qxb3 12. axb3 e4 13. Nd2 d5 14. c5 Nf8 15. b4 a6 16. b5 cxb5 17. Nxb5 Ne6 18. b4 Bd7 19. Nd6 Reb8 20. b5 Ne8 21. Nxe8 Rxe8 22. bxa6 bxa6 23. Rxa6 Rxa6 24. Bxa6 Ra8 25. Bb7 Ra2 26. c6 Bxc6 27. Bxc6 Rxd2 28. Bxd5 Nxd4 29. exd4 Rxd4 30. Bb3 Rb4 31. Rb1 Kh8 32. Bf4 h6 33. Ba2 Rxb1+ 34. Bxb1 f5 35. Ba2 g5 36. Be3 Kh7 37. Bd5 Kg6 38. Bc5 h5 39. Kf1 h4 40. Ke2 Be5 41. f3 exf3+ 42. Kxf3 Kf6 43. Bb6 Ke7 44. Bb7 Kd7 45. Bc5 Bf6 46. Bd5 Be5 47. Bf7 Bf6 48. Bf8 Be5 49. Bh6 Bf6 50. Bh5 Ke7 51. Ke3 Ke6 52. Kd3 Ke5 53. Kc4 Kf4 54. Be8 Kg3 55. Bd7 f4 56. Bc6 g4 57. hxg4 Kxg4 58. Bf3+ Kg3 59. Kd3 h3 60. gxh3 Kxf3 1/2-1/2

[Event "Chigorin Memorial 2018"]
[Site "St. Petersburg"]
[Date "2018.11.02"]
[Round "7.123"]
[White "Lekhtonen, Yaroslav"]
[Black "Rubtsov, Aleksandr"]
[Result "0-1"]
[WhiteElo "1639"]
[BlackElo "1900"]
[PlyCount "52"]
[EventDate "2018.10.27"]
[EventType "swiss"]
[EventCountry "RUS"]
[WhiteTeam "Russland"]
[BlackTeam "Russland"]
[WhiteTeamCountry "RUS"]
[BlackTeamCountry "RUS"]

1. d4 d5 2. c4 e6 3. Nf3 c6 4. e3 Nf6 5. b3 Nbd7 6. Bb2 Bd6 7. Bd3 O-O 8. O-O Re8 9. Ne5 b6 10. Nxc6 Qc7 11. cxd5 exd5 12. Qc2 Bxh2+ 13. Kh1 Bb7 14. Nb4 Qd6 15. Qe2 Ne4 16. Bxe4 Rxe4 17. Qd2 Qh6 18. g3 Bxg3+ 19. Kg2 Qh2+ 20. Kf3 Qh5+ 21. Kg2 Rh4 22. Qd1 Rh2+ 23. Kxg3 Qh3+ 24. Kf4 g5+ 25. Kxg5 Rg2+ 26. Kf4 Qh4+ 0-1

[Event "Chigorin Memorial 2018"]
[Site "St. Petersburg"]
[Date "2018.11.02"]
[Round "7.124"]
[White "Soloviev, Mikhail"]
[Black "Kuznetsov, Mikhail"]
[Result "0-1"]
[WhiteElo "1636"]
[BlackElo "1882"]
[PlyCount "180"]
[EventDate "2018.10.27"]
[EventType "swiss"]
[EventCountry "RUS"]
[WhiteTeam "Russland"]
[BlackTeam "Russland"]
[WhiteTeamCountry "RUS"]
[BlackTeamCountry "RUS"]

1. d4 Nf6 2. Nf3 d5 3. e3 c5 4. Nbd2 cxd4 5. exd4 Bg4 6. Bb5+ Nc6 7. O-O e6 8. c4 Be7 9. Qa4 O-O 10. Bxc6 bxc6 11. Qxc6 Rc8 12. Qa6 dxc4 13. Qxa7 Bb4 14. a3 Qd5 15. Qa4 Bxd2 16. Bxd2 Bxf3 17. gxf3 Qxf3 18. Qd1 Qf5 19. Qe2 Rfd8 20. Bc3 Nd5 21. Kh1 Nf4 22. Qe5 Rd5 23. Qxf5 Rxf5 24. a4 Ra8 25. a5 Nd5 26. a6 Ra7 27. Kg2 h5 28. Ra4 Nb6 29. Ra2 Nd5 30. Ra4 h4 31. Rfa1 Nf4+ 32. Kg1 Nd3 33. Rxc4 Rxf2 34. b4 h3 35. Rc8+ Kh7 36. Be1 Rg2+ 37. Kh1 Nxe1 38. Rxe1 Rxa6 39. Rc3 Rb2 40. Rxh3+ Kg8 41. d5 Rxb4 42. dxe6 Rxe6 43. Rc1 g6 44. Rc8+ Kg7 45. Rc2 Re1+ 46. Kg2 Rbb1 47. Rf3 Rg1+ 48. Kf2 Rh1 49. Kg3 Rbg1+ 50. Rg2 g5 51. Rxg1 Rxg1+ 52. Kf2 Rg4 53. Ra3 Kg6 54. Ra6+ f6 55. h3 Rb4 56. Kg3 Re4 57. Rb6 Kf5 58. Rb5+ Re5 59. Rb3 Re4 60. Rb5+ Kg6 61. Rb6 Rf4 62. Ra6 Rc4 63. Rb6 Rc1 64. Ra6 Rd1 65. Rb6 Kf5 66. Rb5+ Ke4 67. Rb4+ Rd4 68. Rb6 Ke5 69. Rb5+ Rd5 70. Rb8 f5 71. Re8+ Kf6 72. Rf8+ Kg7 73. Ra8 Rd3+ 74. Kg2 Re3 75. Ra7+ Kf6 76. Ra8 Ke5 77. Re8+ Kf4 78. Ra8 Re2+ 79. Kg1 Kg3 80. Ra3+ Kh4 81. Rb3 f4 82. Rb5 Re3 83. Kg2 Rg3+ 84. Kf2 Kxh3 85. Rb8 Ra3 86. Rh8+ Kg4 87. Rb8 Ra2+ 88. Kf1 Kg3 89. Rb3+ f3 90. Rb1 Rh2 0-1

[Event "Chigorin Memorial 2018"]
[Site "St. Petersburg"]
[Date "2018.11.02"]
[Round "7.125"]
[White "Myslevsky, Fedor"]
[Black "Dushin, Nikolay"]
[Result "0-1"]
[WhiteElo "1617"]
[BlackElo "1881"]
[PlyCount "120"]
[EventDate "2018.10.27"]
[EventType "swiss"]
[EventCountry "RUS"]
[WhiteTeam "Russland"]
[BlackTeam "Russland"]
[WhiteTeamCountry "RUS"]
[BlackTeamCountry "RUS"]

1. d4 Nf6 2. c4 e6 3. Nc3 Bb4 4. e3 b6 5. Nf3 Bb7 6. Be2 Ne4 7. Qc2 f5 8. O-O Bxc3 9. bxc3 O-O 10. Ne1 d6 11. f3 Nf6 12. Bd3 g6 13. e4 Nbd7 14. Bg5 Qe8 15. g3 Kg7 16. Ng2 h6 17. Bxf6+ Rxf6 18. g4 f4 19. h4 e5 20. Be2 Qe7 21. Kh2 Rf7 22. Rf2 Raf8 23. Raf1 Qf6 24. Qd2 Rh8 25. Rh1 Nf8 26. d5 Qe7 27. Kg1 h5 28. g5 Nd7 29. Ne1 a5 30. Rf1 Ba6 31. Kg2 Rb8 32. Nc2 Nc5 33. Rb1 Qd7 34. Ne1 Rbf8 35. Rf1 Bc8 36. Kg1 Qh3 37. Ng2 Ba6 38. Bd3 Qd7 39. Qc2 Nxd3 40. Qxd3 Qa4 41. Rf2 Bxc4 42. Qd2 Rb8 43. Rc1 Qd7 44. Rd1 Rff8 45. Ne1 Qh3 46. Ng2 Ra8 47. Qb2 Rfb8 48. a3 Qd7 49. Kh2 Ba6 50. Ne1 Bc8 51. Kg1 b5 52. Rh2 Rb6 53. Nc2 c5 54. dxc6 Qxc6 55. Rhd2 Be6 56. Rxd6 Qc5+ 57. R6d4 Rc8 58. Kh2 exd4 59. Rxd4 Qxc3 60. Qxc3 Rxc3 0-1

[Event "Chigorin Memorial 2018"]
[Site "St. Petersburg"]
[Date "2018.11.02"]
[Round "7.127"]
[White "Bunin, Serafim"]
[Black "Pradeep, Pandya"]
[Result "0-1"]
[WhiteElo "1876"]
[BlackElo "1537"]
[PlyCount "162"]
[EventDate "2018.10.27"]
[EventType "swiss"]
[EventCountry "RUS"]
[WhiteTeam "Russland"]
[BlackTeam "Indien"]
[WhiteTeamCountry "RUS"]
[BlackTeamCountry "IND"]

1. d4 Nf6 2. c4 g6 3. Nc3 Bg7 4. Nf3 d6 5. Bf4 Nbd7 6. e3 O-O 7. Be2 Nh5 8. Bg3 e5 9. Bh4 Nhf6 10. O-O c6 11. Qc2 Qc7 12. b4 a6 13. a4 Re8 14. dxe5 Nxe5 15. Nxe5 dxe5 16. Bg3 Qe7 17. c5 Nd5 18. Nxd5 cxd5 19. Rad1 Be6 20. Bf3 Rad8 21. Rd2 f5 22. h3 Qf7 23. b5 d4 24. exd4 e4 25. Be2 Bh6 26. Rdd1 f4 27. d5 Rxd5 28. Qxe4 Rxd1 29. Rxd1 fxg3 30. fxg3 Bb3 31. Qb4 Rxe2 32. Rd8+ Bf8 33. Qf4 Qxf4 34. gxf4 Bxa4 35. c6 bxc6 36. bxa6 Kf7 37. a7 Bc5+ 38. Kf1 Rf2+ 39. Ke1 Bxa7 40. Rd7+ Kg8 41. Rd8+ Kg7 42. Rd7+ Kh6 43. Rxa7 Rxf4 44. g3 Re4+ 45. Kf2 Bb5 46. g4 g5 47. Kf3 Rf4+ 48. Kg3 Rf6 49. h4 gxh4+ 50. Kxh4 Kg6 51. Ra8 c5 52. g5 Rc6 53. Rg8+ Kf7 54. Rb8 Bd3 55. Kh5 Bg6+ 56. Kh6 Ke6 57. Rb7 c4 58. Rc7 Kd5 59. Rd7+ Rd6 60. Rc7 Bf5+ 61. g6 Rxg6+ 62. Kh5 Rc6 63. Re7 c3 64. Re1 c2 65. Rc1 Bg6+ 66. Kg4 Rf6 67. Kg3 Kd4 68. Ra1 Kc3 69. Rc1 Kb2 70. Rxc2+ Kxc2 71. Kh4 Rf5 72. Kg4 Kd3 73. Kh4 Ke3 74. Kg4 h5+ 75. Kg3 Rf4 76. Kg2 h4 77. Kg1 Bf5 78. Kh2 Rb4 79. Kh1 Rb2 80. Kg1 Be4 81. Kf1 Rb1# 0-1

[Event "Chigorin Memorial 2018"]
[Site "St. Petersburg"]
[Date "2018.11.02"]
[Round "7.128"]
[White "Bulsoev, Alexander"]
[Black "Isfandiyarli, Kamal"]
[Result "1-0"]
[WhiteElo "1828"]
[BlackElo "1597"]
[PlyCount "119"]
[EventDate "2018.10.27"]
[EventType "swiss"]
[EventCountry "RUS"]
[WhiteTeam "Russland"]
[BlackTeam "Aserbeidschan"]
[WhiteTeamCountry "RUS"]
[BlackTeamCountry "AZE"]

1. e4 c5 2. d4 cxd4 3. c3 Nf6 4. e5 Nd5 5. cxd4 d6 6. exd6 Qxd6 7. Nc3 Nc6 8. Bc4 Nb6 9. Bb5 Bd7 10. Nf3 e6 11. O-O Be7 12. Be3 O-O 13. Qd2 Nd5 14. Nxd5 Qxd5 15. Bd3 Nb4 16. Bb1 Bb5 17. Rc1 Rac8 18. a3 Rxc1+ 19. Qxc1 Nc6 20. Qd2 Rd8 21. Ba2 Qd7 22. Rd1 Bf6 23. Bb3 Ne7 24. Ne5 Qe8 25. Qe1 Nf5 26. Bc2 Nxe3 27. Qxe3 Bxe5 28. dxe5 Rxd1+ 29. Bxd1 Qd8 30. Bc2 g6 31. f4 a6 32. h3 Bc6 33. Qf2 Qd5 34. Kh2 b5 35. b4 Qc4 36. Qd2 Qd5 37. Qf2 Qa2 38. Qc5 Qc4 39. Qxc4 bxc4 40. Kg3 Kf8 41. Kf2 Ke7 42. g3 Kd7 43. Ke3 Bd5 44. Kd4 Kc7 45. Ba4 Kd8 46. Bd1 Bg2 47. h4 Bf1 48. a4 Kc7 49. a5 Kc6 50. Ba4+ Kc7 51. Kc3 Kd8 52. b5 axb5 53. Bxb5 Kc7 54. Bxc4 Bg2 55. Kb4 Ba8 56. Kc5 Be4 57. Bb5 Bd5 58. Be8 Kd8 59. Bc6 Kc8 60. Bxd5 1-0

[Event "Chigorin Memorial 2018"]
[Site "St. Petersburg"]
[Date "2018.11.02"]
[Round "7.129"]
[White "Dmitriev, Leonid"]
[Black "Mutina, Sofia"]
[Result "1-0"]
[WhiteElo "1818"]
[BlackElo "1441"]
[PlyCount "75"]
[EventDate "2018.10.27"]
[EventType "swiss"]
[EventCountry "RUS"]
[WhiteTeam "Russland"]
[BlackTeam "Russland"]
[WhiteTeamCountry "RUS"]
[BlackTeamCountry "RUS"]

1. d4 d5 2. c4 e6 3. Nf3 Nf6 4. g3 Bd6 5. Bg2 O-O 6. Nbd2 c6 7. O-O b6 8. b3 Ba6 9. Bb2 Nbd7 10. Rc1 Rc8 11. Qc2 Qe7 12. e4 dxe4 13. Nxe4 Nxe4 14. Qxe4 Nf6 15. Qc2 c5 16. Rfe1 cxd4 17. Nxd4 Bb4 18. Re2 Qc7 19. Nc6 Be7 20. Be5 Qd7 21. Rd2 Qe8 22. Nxe7+ Qxe7 23. Bd6 Qe8 24. Bxf8 Qxf8 25. Rcd1 b5 26. Rd6 Ne8 27. Rxa6 Qc5 28. Qe4 h6 29. Rc6 Rxc6 30. Qxc6 Qxc6 31. Bxc6 Nf6 32. Bxb5 Ne4 33. b4 Nc3 34. Rd8+ Kh7 35. a4 Na2 36. c5 Nxb4 37. Rd4 Nd5 38. Rxd5 1-0

[Event "Chigorin Memorial 2018"]
[Site "St. Petersburg"]
[Date "2018.11.02"]
[Round "7.131"]
[White "Kruglikov, Alexander"]
[Black "Tarielashvili, Diana"]
[Result "1/2-1/2"]
[WhiteElo "2003"]
[BlackElo "1503"]
[PlyCount "62"]
[EventDate "2018.10.27"]
[EventType "swiss"]
[EventCountry "RUS"]
[WhiteTeam "Russland"]
[BlackTeam "Russland"]
[WhiteTeamCountry "RUS"]
[BlackTeamCountry "RUS"]

1. e4 c5 2. a3 e6 3. b4 cxb4 4. axb4 Bxb4 5. c3 Be7 6. d4 d6 7. f4 Nf6 8. e5 dxe5 9. fxe5 Nd5 10. Bd3 Qc7 11. Ne2 O-O 12. O-O b6 13. Rf3 f6 14. c4 Nb4 15. Bxh7+ Kxh7 16. Rh3+ Kg8 17. Nf4 Qxc4 18. Na3 Qc6 19. Ng6 Re8 20. Rh8+ Kf7 21. Qh5 Rxh8 22. Nxh8+ Kg8 23. Ng6 Nd5 24. Bd2 Qa4 25. Nc2 Qc4 26. Nxe7+ Nxe7 27. Qe8+ Kh7 28. Qh5+ Kg8 29. Qe8+ Kh7 30. Qh5+ Kg8 31. Qe8+ Kh7 1/2-1/2

[Event "Chigorin Memorial 2018"]
[Site "St. Petersburg"]
[Date "2018.11.02"]
[Round "7.132"]
[White "Moskaleva, Arina"]
[Black "Shoshin, Kirill"]
[Result "1/2-1/2"]
[WhiteElo "1675"]
[BlackElo "2073"]
[PlyCount "71"]
[EventDate "2018.10.27"]
[EventType "swiss"]
[EventCountry "RUS"]
[WhiteTeam "Russland"]
[BlackTeam "Russland"]
[WhiteTeamCountry "RUS"]
[BlackTeamCountry "RUS"]

1. e4 e6 2. d4 d5 3. Nd2 c5 4. exd5 exd5 5. Bb5+ Bd7 6. Qe2+ Be7 7. dxc5 Nf6 8. Ngf3 O-O 9. O-O Re8 10. Bxd7 Nbxd7 11. Nb3 Bxc5 12. Qd1 h6 13. Nxc5 Nxc5 14. Bf4 Qb6 15. Rb1 Re4 16. Be3 Qd6 17. h3 Rae8 18. Nd4 Ncd7 19. Qd2 Ne5 20. b3 Ng6 21. Rfe1 Qe5 22. Nf3 Qh5 23. Rbd1 Nh4 24. Nxh4 Qxh4 25. Bxa7 Ra8 26. Bd4 Rxe1+ 27. Qxe1 Ne4 28. f3 Qxe1+ 29. Rxe1 Ng5 30. a4 Ne6 31. Bf2 Rc8 32. Re2 Rf8 33. Re1 Rc8 34. Re2 Re8 35. Re1 Rc8 36. Re2 1/2-1/2

[Event "Chigorin Memorial 2018"]
[Site "St. Petersburg"]
[Date "2018.11.02"]
[Round "7.133"]
[White "Shceglov, Mikhail"]
[Black "Khodko, Yurii N."]
[Result "0-1"]
[WhiteElo "1612"]
[BlackElo "1858"]
[PlyCount "195"]
[EventDate "2018.10.27"]
[EventType "swiss"]
[EventCountry "RUS"]
[WhiteTeam "Russland"]
[BlackTeam "Russland"]
[WhiteTeamCountry "RUS"]
[BlackTeamCountry "RUS"]

1. e4 c5 2. Nf3 d6 3. d4 cxd4 4. Nxd4 Nf6 5. Nc3 a6 6. Be2 e5 7. Nb3 Be7 8. Bg5 Nbd7 9. O-O O-O 10. a4 b6 11. Bxf6 Nxf6 12. Bd3 g6 13. Qe2 Bb7 14. Rad1 Ne8 15. Bc4 Kh8 16. Bd5 Qc7 17. f4 Bf6 18. Bxb7 Qxb7 19. Nd5 Bg7 20. f5 Nc7 21. Qe3 Nxd5 22. Rxd5 Rfd8 23. Nd2 b5 24. Qb3 Qa7+ 25. Kh1 Rab8 26. axb5 Rxb5 27. Rxb5 axb5 28. fxg6 fxg6 29. Qxb5 Qd4 30. Qa5 Rc8 31. b3 Bh6 32. Nc4 Rf8 33. Rxf8+ Bxf8 34. Qe1 Bh6 35. h3 Bf4 36. g3 Bh6 37. Qe2 d5 38. exd5 Qxd5+ 39. Kg1 e4 40. h4 Bg7 41. Kh2 h5 42. Qd2 Qe6 43. Qe3 Kh7 44. Nd2 Bh6 45. Qxe4 Qf6 46. Nf3 Bc1 47. Qd3 Qe7 48. c4 Bh6 49. Nd2 Qe1 50. Ne4 Be3 51. Ng5+ Kh6 52. Nh3 Kg7 53. b4 Bd2 54. b5 Be3 55. Qd7+ Kh6 56. Qd3 Kh7 57. Qc2 Qb4 58. Qe2 Qe7 59. Qc2 Qb4 60. Ng5+ Kh6 61. Nf3 Qd6 62. Qe2 Qc5 63. Ne1 Qe7 64. Qf1 Bb6 65. Nd3 Bc7 66. c5 Qxh4+ 67. Kg1 Qxg3+ 68. Qg2 Qxd3 69. b6 Bxb6 70. cxb6 Qb1+ 71. Kh2 Qxb6 72. Qd2+ g5 73. Kh1 Qe6 74. Qb2 h4 75. Qh8+ Kg6 76. Kg1 Qf6 77. Qg8+ Kh5 78. Qe8+ Kh6 79. Kh2 g4 80. Qe3+ Kh5 81. Qe8+ Kh6 82. Qe3+ Kg7 83. Qa7+ Kg6 84. Qa2 Qe5+ 85. Kg1 Qe1+ 86. Kh2 Qe5+ 87. Kh1 h3 88. Qg8+ Kh5 89. Qh7+ Kg5 90. Qg8+ Kf4 91. Qf8+ Ke4 92. Qb4+ Kf3 93. Qf8+ Qf4 94. Qa3+ Qe3 95. Qf8+ Kg3 96. Qd6+ Qf4 97. Qd3+ Qf3+ 98. Kg1 0-1

[Event "Chigorin Memorial 2018"]
[Site "St. Petersburg"]
[Date "2018.11.03"]
[Round "8"]
[White "Alekseenko, Kirill"]
[Black "Timofeev, Artyom"]
[Result "*"]
[WhiteElo "2639"]
[BlackElo "2580"]
[Annotator "TA"]
[PlyCount "31"]
[EventDate "2018.10.27"]
[EventType "swiss"]
[EventCountry "RUS"]
[SourceTitle "playchess.com"]
[Source "ChessBase"]
[SourceQuality "1"]

1. e4 e5 2. Nf3 Nf6 3. Nxe5 d6 4. Nf3 Nxe4 5. Nc3 Nxc3 6. dxc3 Be7 7. Be3 Nc6 8. Qd2 Be6 9. O-O-O Qd7 10. a3 h6 11. Nd4 Nxd4 12. Bxd4 Rg8 13. Be2 a6 14. c4 O-O-O 15. Qc3 g6 16. b3 *

[Event "Chigorin Memorial 2018"]
[Site "St. Petersburg"]
[Date "2018.11.03"]
[Round "8"]
[White "Perunovic, Milos"]
[Black "Nesterov, Arseniy"]
[Result "1-0"]
[WhiteElo "2606"]
[BlackElo "2355"]
[Annotator "TA"]
[PlyCount "43"]
[EventDate "2018.10.27"]
[EventType "swiss"]
[EventCountry "RUS"]
[SourceTitle "playchess.com"]
[Source "ChessBase"]
[SourceQuality "1"]

1. e4 e6 2. d4 d5 3. Nc3 Bb4 4. e5 c5 5. a3 Bxc3+ 6. bxc3 Ne7 7. Qg4 O-O 8. Bd3 Qc7 9. Nf3 cxd4 10. O-O Qxc3 11. Qh5 Nf5 12. g4 g6 13. Qh3 Ng7 14. Qh6 f6 15. exf6 Ne8 16. Bd2 Qc7 17. Bf4 Qf7 18. g5 Nc6 19. Ne5 Nxe5 20. Bxe5 Bd7 21. h4 Ng7 22. fxg7 1-0

[Event "Chigorin Memorial 2018"]
[Site "St. Petersburg"]
[Date "2018.11.03"]
[Round "8"]
[White "Idani, Pouya"]
[Black "Vorobiov, Evgeny E."]
[Result "1-0"]
[WhiteElo "2588"]
[BlackElo "2557"]
[Annotator "TA"]
[PlyCount "65"]
[EventDate "2018.10.27"]
[EventType "swiss"]
[EventCountry "RUS"]
[SourceTitle "playchess.com"]
[Source "ChessBase"]
[SourceQuality "1"]

1. e4 c5 2. Nf3 d6 3. d4 cxd4 4. Nxd4 Nf6 5. Nc3 a6 6. Be3 e5 7. Nb3 Be6 8. f3 Nbd7 9. g4 Nb6 10. g5 Nh5 11. Qd2 Rc8 12. O-O-O Be7 13. Rg1 O-O 14. Kb1 Qc7 15. h4 g6 16. Qf2 Nc4 17. Bxc4 Qxc4 18. a3 Qc7 19. f4 exf4 20. Bxf4 Rfe8 21. Be3 Bf8 22. Bb6 Qc6 23. Rgf1 Bg7 24. Bd4 Be5 25. Bxe5 dxe5 26. Nd5 Nf4 27. Nf6+ Kh8 28. Nd4 exd4 29. Nxe8 Nh5 30. Nf6 Nxf6 31. gxf6 Qxe4 32. Rxd4 Qc6 33. Qd2 1-0

[Event "Chigorin Memorial 2018"]
[Site "St. Petersburg"]
[Date "2018.11.03"]
[Round "8"]
[White "Idani, Pouya"]
[Black "Vorobiov, Evgeny E."]
[Result "*"]
[WhiteElo "2588"]
[BlackElo "2557"]
[Annotator "TA"]
[PlyCount "36"]
[EventDate "2018.10.27"]
[EventType "swiss"]
[EventCountry "RUS"]
[SourceTitle "playchess.com"]
[Source "ChessBase"]
[SourceQuality "1"]

1. e4 c5 2. Nf3 d6 3. d4 cxd4 4. Nxd4 Nf6 5. Nc3 a6 6. Be3 e5 7. Nb3 Be6 8. f3 Nbd7 9. g4 Nb6 10. g5 Nh5 11. Qd2 Rc8 12. O-O-O Be7 13. Rg1 O-O 14. Kb1 Qc7 15. h4 g6 16. Qf2 Nc4 17. Bxc4 Qxc4 18. Nc1 b5 *

[Event "Chigorin Memorial 2018"]
[Site "St. Petersburg"]
[Date "2018.11.03"]
[Round "8"]
[White "Volkov, Sergey"]
[Black "Maghsoodloo, Parham"]
[Result "1/2-1/2"]
[WhiteElo "2568"]
[BlackElo "2685"]
[Annotator "TA"]
[PlyCount "87"]
[EventDate "2018.10.27"]
[EventType "swiss"]
[EventCountry "RUS"]
[SourceTitle "playchess.com"]
[Source "ChessBase"]
[SourceQuality "1"]

1. d4 d6 2. Nf3 g6 3. c4 f5 4. g3 Bg7 5. Bg2 Nf6 6. O-O O-O 7. Nc3 Qe8 8. b4 c6 9. c5 h6 10. Qb3+ Kh8 11. Bb2 Na6 12. cxd6 exd6 13. d5 Nc7 14. Nd4 Bd7 15. a4 g5 16. e3 f4 17. dxc6 bxc6 18. exf4 gxf4 19. Nde2 Ne6 20. b5 d5 21. bxc6 Bxc6 22. Nb5 a6 23. Nbd4 Nxd4 24. Nxd4 Rb8 25. Qc2 Ne4 26. Qxc6 Qxc6 27. Nxc6 Rxb2 28. Bxe4 dxe4 29. Rae1 fxg3 30. hxg3 Re8 31. a5 Ra2 32. Re3 Bf6 33. Rb1 Re6 34. Rb6 Bg5 35. f4 Rd6 36. Kf1 Rd1+ 37. Re1 Rxe1+ 38. Kxe1 Bf6 39. Ne5 Kg7 40. Rxa6 Be7 41. Ra7 Kf6 42. Ng4+ Ke6 43. f5+ Kxf5 44. Rxe7 1/2-1/2

[Event "Chigorin Memorial 2018"]
[Site "St. Petersburg"]
[Date "2018.11.03"]
[Round "8"]
[White "Ter-Sahakyan, Samvel"]
[Black "Paravyan, David"]
[Result "1-0"]
[WhiteElo "2547"]
[BlackElo "2629"]
[Annotator "TA"]
[PlyCount "85"]
[EventDate "2018.10.27"]
[EventType "swiss"]
[EventCountry "RUS"]
[SourceTitle "playchess.com"]
[Source "ChessBase"]
[SourceQuality "1"]

1. d4 Nf6 2. c4 g6 3. g3 Bg7 4. Bg2 d5 5. cxd5 Nxd5 6. Nf3 O-O 7. O-O Nc6 8. Nc3 e5 9. Bg5 Nxc3 10. bxc3 f6 11. Bc1 e4 12. Nd2 f5 13. e3 Be6 14. c4 Na5 15. Ba3 Re8 16. Qc2 b6 17. Rac1 c6 18. Rfd1 Rc8 19. Bf1 Bf7 20. Bb2 Qe7 21. Nb3 Nb7 22. a4 c5 23. Ba3 Qd7 24. Bb2 cxd4 25. Nxd4 Qe7 26. Nb5 a6 27. Bxg7 Kxg7 28. Nc3 Qf6 29. Rd7 Re7 30. Rcd1 Kh6 31. Rxe7 Qxe7 32. Qb1 Bxc4 33. Bxc4 Rxc4 34. Nd5 Qd6 35. Qa1 Nc5 36. Nf6 Qe6 37. Rd8 Rxa4 38. Qc3 Rc4 39. Qa1 g5 40. Ne8 Qe7 41. Rd6+ Ne6 42. Rxe6+ Qxe6 43. Qg7+ 1-0

[Event "Chigorin Memorial 2018"]
[Site "St. Petersburg"]
[Date "2018.11.03"]
[Round "8"]
[White "Khanin, Semen"]
[Black "Popov, Ivan"]
[Result "*"]
[WhiteElo "2510"]
[BlackElo "2611"]
[Annotator "TA"]
[PlyCount "51"]
[EventDate "2018.10.27"]
[EventType "swiss"]
[EventCountry "RUS"]
[SourceTitle "playchess.com"]
[Source "ChessBase"]
[SourceQuality "1"]

1. e4 c6 2. d4 d5 3. Nd2 dxe4 4. Nxe4 Bf5 5. Ng3 Bg6 6. h4 h6 7. Nf3 e6 8. Ne5 Bh7 9. Bd3 Bxd3 10. Qxd3 Nd7 11. Bf4 Nxe5 12. Bxe5 Qa5+ 13. c3 Nf6 14. Ne4 Nxe4 15. Qxe4 Qd5 16. Qxd5 exd5 17. h5 Kd7 18. Kd2 Re8 19. Rae1 a5 20. a4 Rg8 21. Re3 f6 22. Bf4 Bd6 23. Bxd6 Rxe3 24. Kxe3 Kxd6 25. Kd2 Re8 26. Rh3 *